[Event "Stuttgart-chB int"]
[Site "Gerlingen"]
[Date "2007.05.19"]
[Round "6"]
[White "Kohler, Tobias"]
[Black "Loewe, Joachim"]
[Result "1-0"]
[WhiteElo "1287"]
[BlackElo "1709"]
[PlyCount "101"]
[EventDate "2007.05.17"]
[EventType "swiss"]
[EventRounds "7"]
[EventCountry "GER"]
[SourceTitle "EXT 2018"]
[Source "ChessBase"]
[SourceDate "2017.10.13"]
[SourceVersion "1"]
[SourceVersionDate "2017.10.13"]
[SourceQuality "1"]

1. d4 e5 2. dxe5 d6 3. Nf3 Bg4 4. h3 Bh5 5. Bf4 d5 6. c4 Bxf3 7. exf3 d4 8. Nd2 c5 9. Bd3 Be7 10. Be4 Qb6 11. Qb3 Nc6 12. Qxb6 axb6 13. Bxc6+ bxc6 14. 0-0 g5 15. Bh2 0-0-0 16. f4 h6 17. a4 f6 18. a5 b5 19. b3 gxf4 20. Bxf4 fxe5 21. Bxe5 Bf6 22. Nf3 Rh7 23. Bxf6 Nxf6 24. Ne5 Kc7 25. Nd3 Kd6 26. Rfe1 Ra7 27. Re5 Nd7 28. Re2 Rda8 29. Rae1 Rxa5 30. Re6+ Kc7 31. Rxh6 Ra3 32. Re7 Kd8 33. Rg7 bxc4 34. Nxc5 Kc7 35. Rxd7+ Kb6 36. Rxd4 Kxc5 37. Rxc4+ Kb5 38. Rhxc6 Rxb3 39. Rc2 Ra1+ 40. Kh2 Rbb1 41. R6c5+ Kb6 42. f4 Rh1+ 43. Kg3 Ra3+ 44. R5c3 Ra4 45. Rb3+ Ka7 46. f5 Rf1 47. Rf3 Re1 48. f6 Re8 49. f7 Rf8 50. Re2 Rc4 51. Re8 1-0

[Event "Stuttgart-chB int"]
[Site "Gerlingen"]
[Date "2007.05.18"]
[Round "3"]
[White "Mayer, Markus1"]
[Black "Kohler, Tobias"]
[Result "1/2-1/2"]
[WhiteElo "1572"]
[BlackElo "1287"]
[PlyCount "74"]
[EventDate "2007.05.17"]
[EventType "swiss"]
[EventRounds "7"]
[EventCountry "GER"]
[SourceTitle "EXT 2018"]
[Source "ChessBase"]
[SourceDate "2017.10.13"]
[SourceVersion "1"]
[SourceVersionDate "2017.10.13"]
[SourceQuality "1"]

1. d4 d5 2. c4 c6 3. c5 e5 4. e3 exd4 5. exd4 g6 6. Nf3 Bf5 7. Bd3 Ne7 8. 0-0 Bg7 9. Re1 0-0 10. Bf4 Bxd3 11. Qxd3 Nf5 12. Nbd2 Nd7 13. Re2 Nh4 14. Rae1 Nxf3+ 15. Nxf3 Nf6 16. Bd6 Re8 17. Be5 Qd7 18. Nd2 Re7 19. Qf3 Rae8 20. Kf1 Qg4 21. Bxf6 Qxf3 22. Nxf3 Rxe2 23. Rxe2 Rxe2 24. Kxe2 Bxf6 25. Kd3 Kf8 26. g4 g5 27. Ne1 Be7 28. b4 f6 29. Nc2 Bd8 30. Ne3 Bc7 31. h3 Ke8 32. Nf5 Kd7 33. f3 Ke6 34. h4 b6 35. h5 b5 36. Kc3 a6 37. Kb3 Bb8 1/2-1/2

[Event "Stuttgart-chB int"]
[Site "Gerlingen"]
[Date "2007.05.17"]
[Round "1"]
[White "Schembera, Joerg"]
[Black "Kohler, Tobias"]
[Result "1-0"]
[WhiteElo "1675"]
[BlackElo "1287"]
[PlyCount "113"]
[EventDate "2007.05.17"]
[EventType "swiss"]
[EventRounds "7"]
[EventCountry "GER"]
[SourceTitle "EXT 2018"]
[Source "ChessBase"]
[SourceDate "2017.10.13"]
[SourceVersion "1"]
[SourceVersionDate "2017.10.13"]
[SourceQuality "1"]

1. d4 d5 2. c4 c6 3. Nc3 Nf6 4. e3 Bf5 5. Nf3 e6 6. Be2 dxc4 7. Bxc4 Nd5 8. Bd2 Qb6 9. Nh4 Nxc3 10. Bxc3 Be4 11. Qh5 Bd5 12. Bxd5 cxd5 13. 0-0 Bb4 14. Bxb4 Qxb4 15. a3 Qb6 16. Rfc1 Nc6 17. b4 0-0 18. Rc3 a5 19. bxa5 Rxa5 20. Nf3 Qb2 21. Rac1 Rxa3 22. Rxc6 bxc6 23. Rf1 Qe2 24. Re1 Qb5 25. g4 Rfa8 26. Ng5 Qb7 27. Qxh7+ Kf8 28. Qh8+ Ke7 29. Qxg7 Qc8 30. Qxf7+ Kd6 31. Qf4+ Ke7 32. Qf7+ Kd6 33. h4 Ra1 34. Rxa1 Rxa1+ 35. Kg2 Qa6 36. Qxe6+ Kc7 37. Qe7+ Kb6 38. Qc5+ Kc7 39. Ne6+ Kd7 40. Nf8+ Ke8 41. Ng6 Qf1+ 42. Kf3 Qh1+ 43. Kf4 Qe4+ 44. Kg5 Qe6 45. Qf8+ Kd7 46. Qf5 Qxf5+ 47. Kxf5 Rf1 48. Ne5+ Kd6 49. f3 Re1 50. Kf4 Ra1 51. h5 Ra4 52. Kf5 c5 53. dxc5+ Kxc5 54. g5 Ra3 55. Ng4 d4 56. exd4+ Kxd4 57. f4 1-0